| 000 | 00896nam a2200277 a 4500 | ||
|---|---|---|---|
| 001 | BRCA_8331 | ||
| 005 | 20190320210232.0 | ||
| 008 | 300614s1929----gw-a###f##---#001-0#ger-# | ||
| 041 | _ager | ||
| 044 | _agw | ||
| 050 | 4 |
_aN7337 _b.K7 1929 |
|
| 100 | 1 |
_aKümmel, Otto _97547 |
|
| 245 | 1 | 0 |
_aDie Kunst Chinas, Japans und Koreas _cvon Otto Kümmel ; begründet von Fritz Burger ; herausgegeben von A. E. Brinckmann. |
| 260 |
_aAlemania _bAkademische Verlagsgesellschaft Athenaion _c1929 |
||
| 300 |
_a198 p. _bil. (algunas a color), 10 láminas _c29 cm. |
||
| 440 | 0 |
_aHandbuch der Kunstwissenschaft _920831 |
|
| 500 | _aIncluye índice de ilustraciones | ||
| 500 | _aR40 | ||
| 650 | 1 | 4 |
_aArte _zChina _97245 |
| 650 | 1 | 4 |
_aArte _zJapón _91166 |
| 650 | 1 | 4 |
_aArte _zCorea _920832 |
| 700 | 1 |
_aBurger, Fritz _920833 |
|
| 700 | 1 |
_aBrinckmann, A. E. _eed. _920834 |
|
| 902 | _aGFM | ||
| 942 |
_2lcc _cB |
||
| 999 |
_c7999 _d7999 |
||